A Nemzeti Színház Nonprofit Zrt. gazdálkodásának elemzése

Bibliographic Details
Main Author: Szarencsev-Dimitrov Krisztina
Other Authors: Gyulai Dr. László
Format: Thesis
Kulcsszavak:Nemzeti Színház
gazdálkodás
elemzés
Online Access:http://dolgozattar.uni-bge.hu/11674

MARC

LEADER 00000nta a2200000 i 4500
001 dolg11674
005 20170518110054.0
008 170518suuuu hu om 000 hun d
040 |a BGE Dolgozattár Repozitórium  |b hun 
041 |a hu 
100 1 |a Szarencsev-Dimitrov Krisztina 
245 1 2 |a A Nemzeti Színház Nonprofit Zrt. gazdálkodásának elemzése  |c Szarencsev-Dimitrov Krisztina  |h [elektronikus dokumentum] 
695 |a Nemzeti Színház 
695 |a gazdálkodás 
695 |a elemzés 
700 1 |a Gyulai Dr. László  |e ths 
856 4 0 |u http://dolgozattar.uni-bge.hu/11674/1/A%20Nemzeti%20Sz%C3%ADnh%C3%A1z%20Nonprofit%20Zrt%20gazd%C3%A1lkod%C3%A1s%C3%A1nak%20elemz%C3%A9se%202017%20SzDK.pdf  |z Dokumentum-elérés 
856 4 0 |u http://dolgozattar.uni-bge.hu/11674/7/beolvas%C3%A1s0001.pdf  |z Dokumentum-elérés